000 00611nam a2200217Ia 4500
005 20250425162839.0
008 250425s9999 xx 000 0 und d
020 _a9781461564720
041 _aeng
082 _a639.0916
_pMEA
100 _aMeade, James W.
245 0 _aAquaculture management
_cJames W. Meade
260 _aNew York
_bVan Nostrand Reinhold
_c1989
300 _a175 páginas
_bilustraciones
_c23 cm.
504 _aIncludes bibliographical references and index
650 _a Aquaculture
650 _aAcuacultura
902 _aMonográfico
_cImpreso
942 _c01
010 _a113566
999 _c237662
_d237662